Science, hegimony and violence : (Record no. 4067)

MARC details
000 -LEADER
fixed length control field 00661nam a2200229Ia 4500
005 - DATE & TIME
control field 20230529140335.0
008 - FIXED-LENGTH DATA ELEMENTS--GENERAL INFORMATION
fixed length control field 220704s9999||||xx |||||||||||||| ||und||
020 ## - ISBN
International Standard Book Number 0195625803
040 ## - CATALOGING SOURCE
Original cataloging agency MCHV Library
041 ## - Language
Language English
082 ## - DDC NUMBER
Classification number 303.483
Book Number NAN
245 ## - TITLE STATEMENT
Title Science, hegimony and violence :
Sub Title a requiem for modernity /
Statement of responsibility edited by Ashis Nandy
260 ## - PUBLICATION, DISTRIBUTION, ETC. (IMPRINT)
Place of publication, distribution, etc Calcutta :
Name of publisher, distributor, etc Oxford university,
Date of publication, distribution, etc 1990.
300 ## - PHYSICAL DESCRIPTION
Pages viii, 301p. ;
Dimension 22cm.
500 ## - GENERAL NOTE
General note Includes index.
650 ## - Subject
Subject Science--Social aspects
650 ## - Subject
Subject Science--Philosophy
650 ## - Subject
Subject Violence
650 ## - Subject
Subject Developing countries
700 ## - Added Entry Personal Name
Added Entry Personal Name Nandy, Ashis
Relator term ed.
942 ## - ADDED ENTRY ELEMENTS (KOHA)
Koha item type Books

No items available.

Management Center for Human Values © 2022. All rights reserved